[Event "28th Nezhmetdinov mem"]
[Site "Kazan RUS"]
[Date "2006.06.03"]
[Round "3"]
[White "Beliaev,Va"]
[Black "Matsenko,E"]
[Result "1-0"]
[WhiteElo "2162"]
[BlackElo "2050"]

1.e4 c5 2.Nf3 Nc6 3.Nc3 Nf6 4.d4 cxd4 5.Nxd4 Qc7 6.Ndb5 Qb8 7.Be3 a6 8.Bb6 axb5
9.Nxb5 Qe5 10.Nc7+ Kd8 11.Nxa8+ Ke8 12.Nc7+ Kd8 13.Bc4 Qxb2 14.Bxf7 d5 15.Nxd5+  1-0

[Event "28th Nezhmetdinov mem"]
[Site "Kazan RUS"]
[Date "2006.06.03"]
[Round "3"]
[White "Gorbatjuk,V"]
[Black "Gorovykh,E"]
[Result "0-1"]
[WhiteElo "2226"]
[BlackElo "2349"]

1.e4 c5 2.Nf3 Nc6 3.Nc3 d6 4.d4 cxd4 5.Nxd4 g6 6.Be3 Bg7 7.Be2 Nf6 8.O-O O-O
9.Nb3 Be6 10.f4 Qc8 11.Kh1 Rd8 12.Bf3 Bg4 13.Bg1 Bxf3 14.Qxf3 Nd7 15.Nd5 e6
16.Nc3 Nb6 17.Qe2 Nb4 18.a3 Na6 19.Bxb6 axb6 20.e5 Nc5 21.Nxc5 bxc5 22.Ne4 dxe5
23.fxe5 Bxe5 24.Ng5 f6 25.c3 Ra6 26.Nf7 Kxf7 27.Qxe5 f5 28.Rad1 Rb6 29.c4 Rb3
30.Rxd8 Qxd8 31.Re1 Rb6 32.h3 Rc6 33.b4 b6 34.b5 Rd6 35.a4 h5 36.a5 bxa5
37.Qxc5 Qb6 38.Qe5 Qd4 39.Qxd4 Rxd4 40.Rc1 Ke7 41.c5 Kd7 42.c6+ Kc8 43.Re1 Re4
44.Ra1 a4 45.b6 Rb4 46.Re1 Rxb6 47.Rxe6 a3 48.Re8+ Kc7 49.Ra8 Rb3 50.Ra6 Rc3
51.h4 Rc4 52.g3 Rc1+ 53.Kg2 Rc2+ 54.Kf3 Rc3+ 55.Kf4 Rb3 56.Ke5 Rxg3 57.Kd5 Rd3+
58.Kc5 Rc3+ 59.Kd5 f4 60.Ra7+ Kb6  0-1

[Event "28th Nezhmetdinov mem"]
[Site "Kazan RUS"]
[Date "2006.06.03"]
[Round "3"]
[White "Balashov,Y"]
[Black "Gerasimov,I"]
[Result "1/2-1/2"]
[WhiteElo "2462"]
[BlackElo "2227"]

1.e4 c5 2.Nc3 Nc6 3.Nf3 g6 4.d4 cxd4 5.Nxd4 Bg7 6.Be3 d6 7.Be2 Nf6 8.Nb3 O-O
9.O-O Be6 10.f4 Na5 11.f5 Bc4 12.Bd3 Rc8 13.Qe2 d5 14.Nxa5 Qxa5 15.e5 Nd7
16.Bd4 gxf5 17.Rxf5 Rc6 18.Rg5 Bxd3 19.cxd3 Rg6 20.Rxg6 fxg6 21.a3 Rf5 22.b4 Qd8
23.g4 Bxe5 24.Qe3 Rf3 25.Qxf3 Bxd4+ 26.Kg2 Bxc3 27.Qxd5+ Kh8 28.Rc1 Be5 29.Qxb7 Nb6
30.Qe4 Bf6 31.Rc5 Qd7 32.g5 Bd4 33.Rc6 Kg7 34.Qe6 Qxe6 35.Rxe6 Kf7 36.Rc6 Bb2
37.a4 Nxa4 38.Ra6 Nb6 39.Rxa7 Ke6 40.Kf3 Kd6 41.Ke4 Bc3 42.Ra5 Bd2 43.h3 h6
44.gxh6 Bxh6  1/2-1/2

[Event "28th Nezhmetdinov mem"]
[Site "Kazan RUS"]
[Date "2006.06.03"]
[Round "3"]
[White "Tseshkovsky,V"]
[Black "Grebionkin,Vl"]
[Result "1/2-1/2"]
[WhiteElo "2572"]
[BlackElo "2420"]

1.e4 c5 2.Nf3 Nc6 3.Nc3 e5 4.Bc4 Be7 5.d3 d6 6.h3 Nf6 7.Nh2 O-O 8.Ng4 Nd7
9.a3 Nb6 10.Ba2 Kh8 11.Ne3 Bg5 12.h4 Bxe3 13.fxe3 Be6 14.Nd5 Qd7 15.Qf3 f5
16.O-O g6 17.Bd2 Kg7 18.Nxb6 axb6 19.Bxe6 Qxe6 20.Qh3 h5 21.Rf3 Rf6 22.exf5 gxf5
23.Rg3+ Rg6 24.Rxg6+ Qxg6 25.Rf1 Rf8 26.Rf3 f4 27.Kh2 fxe3 28.Bxe3 Rxf3 29.Qxf3 Qf7
30.Qg3+ Kh7 31.Qh3 Nd4 32.c3 Nf5 33.Qf3 b5 34.Qe4 Kg7 35.Bg5 Nh6 36.Bxh6+ Kxh6
37.Qe3+ Kh7  1/2-1/2

[Event "37th Olympiad w"]
[Site "Turin ITA"]
[Date "2006.06.03"]
[Round "12"]
[White "Zapata,K"]
[Black "Mongontuul,B"]
[Result "0-1"]
[WhiteElo "2236"]
[BlackElo "2378"]

1.e4 c5 2.Nc3 Nc6 3.Bb5 g6 4.Nf3 Bg7 5.Bxc6 bxc6 6.d3 d6 7.O-O e5 8.Be3 Nf6
9.h3 O-O 10.Qd2 Re8 11.Nh2 Rb8 12.b3 Be6 13.Na4 Nd7 14.Rad1 Qe7 15.Qa5 Nb6
16.Nb2 f5 17.f3 f4 18.Bf2 Bf6 19.Nc4 h5 20.Rfe1 Kh8 21.Kf1 Qd7 22.Ke2 Bf7
23.Na3 Na8 24.Rh1 Nc7 25.c4 Ne6 26.Nc2 Rb7 27.Nf1 Rf8 28.Rb1 Bg8 29.Nd2 Rfb8
30.h4 Qc8 31.Rbg1 Rb6 32.Qc3 Qd7 33.g4 fxg3 34.Be3 Bg7 35.Rxg3 Nf4+ 36.Kd1 Bf7
37.Nf1 Ra6 38.a3 Rab6 39.b4 R6b7 40.Kd2 cxb4 41.axb4 d5 42.cxd5 cxd5 43.Bc5 a5
44.Qa3 Bh6 45.Rg5 Ne6 46.Qxa5 Nxg5 47.hxg5 Bxg5+ 48.Ke2 dxe4 49.fxe4 Qg4+
50.Ke1 Qf3 51.Rg1 Bh4+ 52.Kd2 Rd7 53.Be3 Qxe4 54.d4 Rc8 55.Qa4 exd4 56.Bh6 Rdc7
57.Nfe3 dxe3+ 58.Nxe3 Rd8+ 59.Ke2 Bc4+  0-1

[Event "37th Olympiad w"]
[Site "Turin ITA"]
[Date "2006.06.03"]
[Round "12"]
[White "Pourkashiyan,A"]
[Black "Cmilyte,V"]
[Result "0-1"]
[WhiteElo "2311"]
[BlackElo "2470"]

1.e4 c5 2.Nf3 Nc6 3.Nc3 Nf6 4.e5 Ng4 5.Qe2 Qc7 6.Nb5 Qb8 7.d4 cxd4 8.Bf4 f6
9.Nbxd4 Nxd4 10.Nxd4 Nxe5 11.Bg3 e6 12.O-O-O Be7 13.Qh5+ g6 14.Qh6 Kf7 15.Be2 Kg8
16.Qe3 Qc7 17.f4 Nf7 18.f5 e5 19.fxg6 hxg6 20.Nb5 Qb6 21.Qf3 Qc6 22.Qb3 d5
23.Nc3 d4 24.Nd5 Bd8 25.Bb5 Qc5 26.Bc4 Rh7 27.h4 Bf5 28.h5 Rc8 29.hxg6 Bxg6
30.Rxh7 Bxh7 31.Ne3 dxe3 32.Bxf7+ Kg7 33.Rd5 Qxc2+ 34.Qxc2 Rxc2+ 35.Kd1 e2+
36.Ke1 Be7 37.Rb5 Kxf7 38.Rxb7 Ke6 39.a3 Bd3 40.b4 Bd8 41.Rxa7 Bb6 42.Rb7 Be3  0-1

[Event "28th Nezhmetdinov mem"]
[Site "Kazan RUS"]
[Date "2006.06.05"]
[Round "5"]
[White "Fakhretdinova,M"]
[Black "Dimukhametov,A"]
[Result "0-1"]
[WhiteElo "2147"]
[BlackElo "2253"]

1.e4 c5 2.Nc3 Nc6 3.Bb5 g6 4.d3 Bg7 5.f4 Nd4 6.Bc4 e6 7.Nf3 Ne7 8.e5 O-O
9.Ne4 Nef5 10.O-O d5 11.exd6 Nxd6 12.c3 Nxf3+ 13.Qxf3 Qc7 14.Be3 Nxe4 15.dxe4 Bd7
16.f5 exf5 17.exf5 Bxf5 18.Bd5 Rab8 19.Bf4 Be5 20.Bh6 Rfe8 21.h4 Rbd8 22.Rad1 c4
23.Kh1 Rd7 24.Qe2 Bd3 25.Rxd3 cxd3 26.Qxd3 Qd8  0-1

[Event "28th Nezhmetdinov mem"]
[Site "Kazan RUS"]
[Date "2006.06.06"]
[Round "6"]
[White "Gerasimov,I"]
[Black "Tseshkovsky,V"]
[Result "1-0"]
[WhiteElo "2227"]
[BlackElo "2572"]

1.e4 c5 2.Nc3 Nc6 3.Bb5 g6 4.f4 Bg7 5.Nf3 d6 6.O-O Nh6 7.d3 O-O 8.Bxc6 bxc6
9.Qe1 f6 10.Na4 Nf7 11.Bd2 Rb8 12.c4 f5 13.Ba5 Qd7 14.Bc3 Bxc3 15.Qxc3 fxe4
16.dxe4 Qg4 17.Qe3 Nd8 18.Ne1 Ne6 19.Nd3 Nd4 20.Rf2 Be6 21.b3 Qh5 22.Re1 Rf7
23.f5 gxf5 24.Naxc5 dxc5 25.Qg3+ Qg6 26.Qxb8+ Rf8 27.Qf4 Bc8 28.Nxc5 Qd6
29.Nd3  1-0

[Event "IHEM"]
[Site "Hamburg GER"]
[Date "2006.06.07"]
[Round "5"]
[White "Landa,K"]
[Black "Loeffler,S"]
[Result "1-0"]
[WhiteElo "2600"]
[BlackElo "2437"]

1.e4 c5 2.Nc3 Nc6 3.Nf3 e5 4.Bc4 Be7 5.d3 Nf6 6.Nd2 d6 7.Nf1 Nd7 8.Nd5 Nb6
9.Nxb6 axb6 10.c3 O-O 11.Ne3 Bg5 12.O-O g6 13.Nd5 Bxc1 14.Rxc1 Be6 15.a3 Ne7
16.Ne3 d5 17.Bb3 Rc8 18.Re1 b5 19.exd5 Nxd5 20.Nxd5 Bxd5 21.Rxe5 Bxb3 22.Qxb3 Qxd3
23.Rd1 Qc4 24.Qxc4 bxc4 25.Kf1 Rc6 26.Rd7 Rb6 27.Rd2 Rc8 28.Re4 Kf8 29.Rxc4 Ke7
30.Re4+ Re6 31.Rxe6+ Kxe6 32.c4 h5 33.Ke2 h4 34.h3 f5 35.Rd3 g5 36.Rb3 Rc7
37.Rb6+ Ke5 38.Ke3 Rd7 39.Rb5 f4+ 40.Kf3 Rd3+ 41.Ke2 Kd4 42.Rxc5 Rxa3 43.Rxg5 Rb3
44.Rb5 Kxc4 45.Rxb3 Kxb3 46.g4 fxg3 47.fxg3  1-0

[Event "IHEM"]
[Site "Hamburg GER"]
[Date "2006.06.08"]
[Round "6"]
[White "Berelovich,A"]
[Black "Souleidis,G"]
[Result "1/2-1/2"]
[WhiteElo "2571"]
[BlackElo "2435"]

1.e4 c5 2.Nf3 Nc6 3.Nc3 Nf6 4.Bb5 Nd4 5.e5 Nxb5 6.Nxb5 Nd5 7.Ng5 h6 8.Qf3 hxg5
9.Qxd5 a6 10.Nc3 e6 11.Qc4 d5 12.exd6 Qxd6 13.h3 Bd7 14.Qe2 Bc6 15.Ne4 Qd5
16.d3 Be7 17.c4 Qf5 18.f3 O-O-O 19.Bd2 b6 20.O-O-O Rhe8 21.Kc2 Qg6 22.Bc3 Kb7
23.Rhe1 Rd7 24.b3 Red8 25.Qe3 f6 26.Nf2 e5 27.Kb2 Bf8  1/2-1/2

[Event "28th Nezhmetdinov mem"]
[Site "Kazan RUS"]
[Date "2006.06.08"]
[Round "8"]
[White "Fakhretdinova,M"]
[Black "Gazizov,R"]
[Result "1-0"]
[WhiteElo "2147"]
[BlackElo "2254"]

1.e4 c5 2.Nc3 Nc6 3.Bb5 Nd4 4.Bd3 g6 5.Nf3 Bg7 6.O-O d6 7.Nxd4 cxd4 8.Ne2 d5
9.c3 dxe4 10.Bxe4 Nf6 11.Qa4+ Kf8 12.d3 Nxe4 13.dxe4 dxc3 14.Nxc3 Bxc3 15.bxc3 Kg7
16.Bf4 Bd7 17.Qd4+ f6 18.Qe3 Be6 19.e5 f5 20.Qg3 Qc7 21.Be3 b6 22.Bd4 Rac8
23.Rfb1 Qc6 24.a4 Rc7 25.h3 Rd8 26.Qe3 Rd5 27.Rb4 Qd7 28.h4 Qe8 29.h5 gxh5
30.c4 Rd8 31.a5 Rcd7 32.Bb2 bxa5 33.Rxa5 Qg6 34.Ra3 Qg4 35.Qg3 f4 36.Qxg4+ hxg4
37.c5 Kg6 38.Rxf4 Rd2 39.Bc3 R2d3 40.Rfa4 g3 41.fxg3 Rxg3 42.Kf2 Rg5 43.Bd4 Bd5
44.g3 Rf8+ 45.Ke2 Rh5 46.Rxa7 Rh2+ 47.Kd3 e6 48.Kc3 Rb8 49.Be3  1-0

[Event "2nd Festival"]
[Site "Lodi ITA"]
[Date "2006.06.08"]
[Round "6"]
[White "Tissir,M"]
[Black "Mecking,H"]
[Result "1/2-1/2"]
[WhiteElo "2439"]
[BlackElo "2554"]

1.e4 c5 2.Nc3 Nc6 3.Bb5 g6 4.Bxc6 dxc6 5.d3 Nf6 6.h3 e5 7.Be3 Qe7 8.Qd2 Be6
9.Nge2 c4 10.f4 cxd3 11.cxd3 exf4 12.Nxf4 Bg7 13.O-O O-O-O 14.Rad1 c5 15.Rf3 b6  1/2-1/2

[Event "ch-StP"]
[Site "St Petersburg RUS"]
[Date "2006.06.08"]
[Round "6"]
[White "Yemelin,V"]
[Black "Loginov,Va"]
[Result "1-0"]
[WhiteElo "2520"]
[BlackElo "2510"]

1.e4 c5 2.Nc3 Nc6 3.Nf3 e5 4.Bc4 d6 5.d3 Be7 6.Nd5 Be6 7.a3 h6 8.b4 Nf6 9.c3 Rb8
10.Be3 Ng4 11.O-O b5 12.Bb3 a5 13.a4 axb4 14.axb5 Na5 15.cxb4 Nxe3 16.fxe3 cxb4
17.Bc4 Nxc4 18.dxc4 Bg5 19.Nxg5 hxg5 20.Ra7 Kf8 21.Qf3 Rh6 22.Rxf7+ Kg8 23.Ne7+ Kh7
24.Nc6 g4 25.Qf2 Qg5 26.Nxb8 Qh5 27.Rxg7+ Kxg7 28.Qf8+ Kh7 29.Qe7+ Kh8 30.Rf8+ Bg8
31.Kf2 g3+ 32.hxg3 Qd1 33.Qg5 Qd2+ 34.Kg1 Qe1+ 35.Rf1 Rh1+ 36.Kxh1 Qxf1+
37.Kh2 b3 38.Qh6+ Bh7 39.Qxd6 Qxc4 40.Qxe5+ Kg8 41.Nd7 Qb4 42.Nf6+ Kf7 43.Nxh7 b2
44.Ng5+ Kf8 45.Qf6+  1-0

[Event "2nd Festival"]
[Site "Lodi ITA"]
[Date "2006.06.09"]
[Round "7"]
[White "Onkoud,A"]
[Black "Vezzosi,P"]
[Result "1-0"]
[WhiteElo "2420"]
[BlackElo "2362"]

1.e4 c5 2.Nf3 Nc6 3.Nc3 g6 4.d4 cxd4 5.Nxd4 Bg7 6.Be3 Nf6 7.Bc4 O-O 8.Bb3 Ng4
9.Qxg4 Nxd4 10.Qd1 Nxb3 11.axb3 a6 12.Nd5 d6 13.Bb6 Qd7 14.Bd4 Qd8 15.Bxg7 Kxg7
16.Qd4+ f6 17.Nb6 Rb8 18.O-O-O Be6 19.Rd3 Qe8 20.f4 Qb5 21.h3 Bd7 22.Nxd7 Qxd7
23.e5 Rbd8 24.exd6 Qxd6 25.Qxd6 Rxd6 26.Rxd6 exd6 27.Rd1 Rd8 28.Kd2 Kf7 29.Ke3 Ke6
30.g4 f5 31.Kd4 Rf8 32.Re1+ Kd7 33.g5 a5 34.c4 b6 35.Kd5 Rc8 36.h4 b5 37.Ra1 Rc5+
38.Kd4 bxc4 39.bxc4 Kc6 40.Re1 Kd7 41.h5 Rc8 42.h6 Rb8 43.Ra1 Rxb2 44.Rxa5 Re2
45.Ra7+ Ke6 46.Rxh7 Re4+ 47.Kd3 Rxf4 48.Rg7 Rf3+ 49.Ke2 Rh3 50.Rxg6+ Ke5
51.Rg7 f4 52.h7 Ke4 53.Kf2 f3 54.g6 Kf4 55.Rf7+ Kg5 56.g7  1-0

[Event "2nd Open"]
[Site "San Marino SMR"]
[Date "2006.06.10"]
[Round "8"]
[White "Govoni,F"]
[Black "Delorme,Al"]
[Result "1-0"]
[WhiteElo "2215"]
[BlackElo "2298"]

1.e4 c5 2.Nc3 Nc6 3.Bb5 g6 4.Bxc6 dxc6 5.d3 Bg7 6.Be3 b6 7.Qd2 Nf6 8.Bh6 O-O
9.Bxg7 Kxg7 10.O-O-O e5 11.h3 b5 12.Qe3 Qe7 13.g4 a5 14.f4 exf4 15.Qxf4 Be6
16.Nf3 a4 17.Rdf1 b4 18.Ne2 Bxa2 19.Ng3 b3 20.Nh4 Qd8 21.Qe5 Re8 22.Nh5+ gxh5
23.Qg5+ Kh8 24.Rxf6 a3 25.Nf5 axb2+ 26.Kxb2 Rg8 27.Qh6 Qf8 28.Qxf8 Rgxf8
29.c3 c4 30.dxc4 Rad8 31.Nd6 Kg7 32.Rhf1 hxg4 33.hxg4 Rd7 34.e5 c5 35.R1f2 Ra7
36.e6 Bb1 37.Kxb1 Rfa8 38.Rxf7+  1-0

[Event "10th Heraclion Open"]
[Site "Athens GRE"]
[Date "2006.06.11"]
[Round "2"]
[White "Draci,R"]
[Black "Malamatas,K"]
[Result "1-0"]
[WhiteElo "2209"]
[BlackElo "1923"]

1.e4 c5 2.Nf3 Nc6 3.Nc3 g6 4.d4 cxd4 5.Nxd4 Bg7 6.Be3 Nf6 7.Be2 O-O 8.Qd2 d6
9.f3 Bd7 10.g4 Rc8 11.h4 Ne5 12.h5 Nc4 13.Bxc4 Rxc4 14.hxg6 fxg6 15.Nb3 Qc7
16.O-O-O Rc8 17.Rh2 a5 18.e5 Rxc3 19.Qxc3 Qxc3 20.bxc3 Ne8 21.exd6 Nxd6 22.Bd4 Bc6
23.Bxg7 Kxg7 24.Nd4 Bd5 25.Nf5+ gxf5 26.Rxd5 fxg4 27.fxg4 b6 28.Re5 Kf6 29.Reh5 Rxc3
30.Rxh7 Re3 31.Rg2 Nc4 32.g5+ Kg6 33.Rh6+ Kf5 34.Rh1 Re6 35.g6  1-0

[Event "III Muhamedzjanov Mem"]
[Site "Nabereshnye Chelny RUS"]
[Date "2006.06.11"]
[Round "1"]
[White "Kupreichik,V"]
[Black "Khusnutdinov,R"]
[Result "0-1"]
[WhiteElo "2455"]
[BlackElo "2392"]

1.e4 c5 2.Nf3 Nc6 3.Nc3 d6 4.d4 cxd4 5.Nxd4 e5 6.Nf3 Nf6 7.Bc4 h6 8.Bb3 Be7
9.Be3 Be6 10.Nh4 Nxe4 11.Nxe4 d5 12.Qh5 Bxh4 13.O-O-O O-O 14.Bxd5 Bxd5 15.Nc3 g6
16.Qe2 Nd4 17.Bxd4 exd4 18.Rxd4 Qg5+ 19.Kb1 Qxg2 20.Re1 Qxf2 21.Rxh4 Qxh4
22.Nxd5 Rfe8 23.Ne7+ Kh7 24.Qe5 Rad8  0-1

[Event "TCh-NOR Open"]
[Site "Oslo NOR"]
[Date "2006.06.11"]
[Round "5"]
[White "Flaata,A"]
[Black "Bjerke,S"]
[Result "0-1"]
[WhiteElo "2080"]
[BlackElo "2161"]

1.e4 c5 2.Nc3 Nc6 3.Nge2 e5 4.Ng3 g6 5.Bc4 d6 6.a3 Be6 7.Bxe6 fxe6 8.O-O Bg7
9.b4 cxb4 10.axb4 Nh6 11.d3 O-O 12.Rb1 Nd4 13.Nce2 Qh4 14.f3 Rac8 15.c4 Nf7
16.c5 dxc5 17.bxc5 Rc7 18.Nxd4 exd4 19.f4 Nh6 20.Qb3 Ng4 21.Qxe6+ Kh8 22.h3 Qxg3
23.hxg4 Qxd3 24.Ra1 Rxc5 25.Ba3 Rc6 26.Bd6 Qe3+ 27.Kh1 d3 28.e5 Rfc8 29.Rae1 Qd4
30.f5 Qxg4 31.Qd5 gxf5 32.Qxd3 Rg8 33.Qxf5 Qg3 34.Qf3  0-1

[Event "2nd Open"]
[Site "San Marino SMR"]
[Date "2006.06.11"]
[Round "9"]
[White "Kadziolka,B"]
[Black "Bonafede,A"]
[Result "1-0"]
[WhiteElo "2359"]
[BlackElo "2161"]

1.e4 c5 2.Nc3 Nc6 3.Bb5 Nd4 4.Bc4 e6 5.Nge2 Ne7 6.O-O Nec6 7.d3 Be7 8.f4 d6
9.a4 O-O 10.Be3 Bf6 11.Bf2 Rb8 12.Nxd4 Bxd4 13.Bxd4 Nxd4 14.Qd2 a6 15.a5 Re8
16.Rfe1 Bd7 17.Nd1 d5 18.exd5 exd5 19.Rxe8+ Bxe8 20.Ba2 Bc6 21.Ne3 Qd7 22.c3 Nf5
23.Nxf5 Qxf5 24.Re1 Re8 25.Rxe8+ Bxe8 26.d4 c4 27.Qe1 Qe6 28.Qe5 Qxe5 29.dxe5 Kf8
30.Kf2 Ke7 31.Ke3 f6 32.Kd4 Ke6 33.exf6 gxf6 34.Bb1 f5 35.Kc5 Ba4 36.Kb6 Bc6
37.g3 h6 38.Bc2 Kf6 39.Bd1 Ke7 40.Kc5  1-0

[Event "ch-FIN"]
[Site "Helsinki FIN"]
[Date "2006.06.12"]
[Round "3"]
[White "Keskinen,S"]
[Black "Nokso Koivisto,An"]
[Result "1-0"]
[WhiteElo "2301"]
[BlackElo "2237"]

1.e4 c5 2.Nc3 Nc6 3.Bb5 g6 4.Bxc6 dxc6 5.d3 Bg7 6.Be3 b6 7.Qd2 h6 8.Nge2 Nf6
9.h3 e5 10.O-O g5 11.Ng3 Be6 12.Nf5 Bxf5 13.exf5 Qd7 14.g4 O-O-O 15.Qe2 Rdg8
16.a3 h5 17.Kg2 hxg4 18.hxg4 Nd5 19.Ne4 f6 20.c4 Nxe3+ 21.fxe3 Rh4 22.Rh1 Rgh8
23.Rxh4 Rxh4 24.b4 Qd8 25.bxc5 Qh8 26.Nf2 Rh2+ 27.Kg1 bxc5 28.Qf3 Kc7 29.Qg3 Rh4
30.Rb1 Bf8 31.Kg2 Be7 32.d4 Kc8 33.dxe5 fxe5 34.e4 Bd8 35.Rh1 Rxh1 36.Nxh1 Bc7
37.Qe3 Qd8 38.Qxc5 Qd2+ 39.Nf2 Kb7 40.Qb4+ Qxb4 41.axb4 Bd6 42.Nd3 Kc8 43.Kf3 Kd8
44.Ke2 Ke7 45.Kd2 Bc7 46.Kc3 Kd6 47.Kb3 Ke7 48.Ka4 Kd6 49.Nc5 Bb6 50.Ne6 Be3
51.c5+ Kd7 52.b5 Bf2 53.bxc6+ Kxc6 54.f6  1-0

[Event "Open A"]
[Site "Voronezh RUS"]
[Date "2006.06.13"]
[Round "2"]
[White "Eraschenkov,D"]
[Black "Jakovenko,I"]
[Result "1-0"]
[WhiteElo "2385"]
[BlackElo "2234"]

1.Nc3 c5 2.e4 Nc6 3.Nf3 e5 4.Bc4 Be7 5.d3 Nf6 6.Nd2 O-O 7.Nf1 Na5 8.Ne3 Nxc4
9.dxc4 d6 10.O-O a6 11.a4 Re8 12.a5 Be6 13.Qd3 Nd7 14.Rd1 Rc8 15.Ra3 Bf8
16.Ncd5 Bxd5 17.cxd5 Rc7 18.Nc4 Be7 19.Rb3 Nf8 20.Qf3 h6 21.Rb6 Ng6 22.Rd3 Qd7
23.g3 Rf8 24.Qf5 Qa4 25.b3 Qa1 26.Rd1 Qc3 27.Qg4 Qxc2 28.Ne3 Qa2 29.h4 Qxa5
30.Nc4 h5 31.Qxh5 Qc3 32.Qg4 Qc2 33.Ne3 Qa2 34.h5 Nh8 35.Nf5 g6 36.Nxe7+ Rxe7
37.Rxd6 Qc2 38.Bh6 f5 39.Rxg6+ Nxg6 40.Qxg6+ Kh8 41.Bxf8 Qxd1+ 42.Kg2 Rh7
43.Bd6 Rg7 44.Bxe5  1-0

[Event "10th Heraclion Open"]
[Site "Athens GRE"]
[Date "2006.06.14"]
[Round "5"]
[White "Petraki,M"]
[Black "Sargologos,R"]
[Result "1-0"]
[WhiteElo "2094"]
[BlackElo "1922"]

1.e4 c5 2.Nc3 Nc6 3.Bb5 e6 4.Bxc6 bxc6 5.f4 Nf6 6.d3 d5 7.e5 Nd7 8.Nf3 Be7
9.O-O O-O 10.Ne2 Qc7 11.Re1 Ba6 12.b3 Rad8 13.Ng3 c4 14.dxc4 dxc4 15.Qe2 Qb6+
16.Be3 Bc5 17.Bxc5 Qxc5+ 18.Kh1 Nb6 19.Ne4 Qe7 20.Qf2 Nd5 21.Nd4 Bb7 22.bxc4 Nb6
23.c5 Nd5 24.Nd6 Rd7 25.Qg3 f6 26.exf6 Rxf6 27.f5 Nb4 28.fxe6  1-0

[Event "III Muhamedzjanov Mem"]
[Site "Nabereshnye Chelny RUS"]
[Date "2006.06.16"]
[Round "9"]
[White "Zubarev,Al1"]
[Black "Kupreichik,V"]
[Result "1-0"]
[WhiteElo "2515"]
[BlackElo "2455"]

1.e4 c5 2.Nc3 Nc6 3.Bb5 g6 4.Bxc6 bxc6 5.d3 Bg7 6.f4 Nf6 7.Nf3 O-O 8.O-O d6
9.Qe1 Bg4 10.Nh4 Bc8 11.Kh1 e6 12.Nf3 Nd7 13.e5 d5 14.Na4 Ba6 15.b3 c4 16.dxc4 dxc4
17.Rf2 Qc7 18.Ba3 c5 19.Ng5 Rfd8 20.Qe3 Qa5 21.Bb2 Bb7 22.Ne4 Bxe4 23.Qxe4 cxb3
24.axb3 Nb6 25.Bc3 Qb5 26.Nxb6 Qxb6 27.Rff1 Qb5 28.Rfe1 a6 29.Ra5 Qb6 30.Ra4 Rdc8
31.Rea1 Bf8 32.Qc4 Rc6 33.h3 Qb7 34.Kh2 h5 35.Qe4 Be7 36.Be1 Qd7 37.Bc3 Qb7
38.Be1 Qd7 39.Rc4 Rd8 40.Bf2 Rdc8 41.Be3 Kg7 42.Qf3 Rd8 43.Rca4 Ra8 44.Rd1 Qc7
45.Rc4 Rb8 46.Rd3 Rc8 47.Qd1 Rd8 48.Rxd8 Bxd8 49.b4 Be7 50.Qf3 a5 51.bxa5 Ra6
52.Bd2 Qd7 53.Qd3 Qc6 54.Qe4 Qb5 55.Ra4 Bd8 56.Qc4 Qc6 57.Ra3 Ra7 58.a6 Be7
59.Be3 Qd5 60.Qxd5 exd5 61.c3 f6 62.exf6+ Kxf6 63.g4 hxg4 64.hxg4 Ke6 65.Kg3 Kd7
66.g5 Kc6 67.Kg4 Kb5 68.f5 gxf5+ 69.Kxf5 Bf8 70.g6 Bg7 71.Bf4 Rxa6 72.Rxa6 Kxa6
73.Be5 Bh6 74.Ke6 d4 75.cxd4 cxd4 76.Bxd4 Kb5 77.Kf7  1-0

[Event "National Open"]
[Site "Las Vegas USA"]
[Date "2006.06.17"]
[Round "3"]
[White "Milat,M"]
[Black "Kacheishvili,G"]
[Result "1/2-1/2"]
[WhiteElo "2298"]
[BlackElo "2605"]

1.e4 c5 2.Nc3 Nc6 3.Nge2 d6 4.d4 cxd4 5.Nxd4 Nf6 6.Bg5 e6 7.Qd2 Be7 8.O-O-O Nxd4
9.Qxd4 a6 10.Bxf6 gxf6 11.Bc4 b5 12.Bb3 Rb8 13.f4 Bd7 14.e5 f5 15.Nd5 exd5
16.e6 Rg8 17.exd7+ Qxd7 18.Rhe1 Rc8 19.Qxd5 Rg7 20.Kb1 Kf8 21.c3 Rc7 22.g3 h5
23.Bc2 h4 24.Bxf5 Qc6 25.Qxc6 Rxc6 26.g4 Rc4 27.Rd4 Rxd4 28.cxd4 Bf6 29.Rd1 Rg8
30.g5 Bg7 31.Kc2 d5 32.Kd3 Ke7 33.Rc1 Kd6 34.Rc8 Rxc8 35.Bxc8 a5 36.h3 Bf8
37.f5 Be7 38.f6 Bd8 39.Bg4 b4 40.Bh5 Ke6 41.Bg4+ Kd6 42.b3 Bb6 43.Ke3 Ba7
44.Kf4 Bxd4 45.Kf5 Kd7 46.Bf3 Ke8 47.Bxd5 Kf8 48.Kg4  1/2-1/2

[Event "National Open"]
[Site "Las Vegas USA"]
[Date "2006.06.18"]
[Round "6"]
[White "Mitkov,N"]
[Black "Gurevich,D"]
[Result "1-0"]
[WhiteElo "2561"]
[BlackElo "2503"]

1.e4 c5 2.Nc3 Nc6 3.Bb5 Nd4 4.Ba4 Qa5 5.Nf3 b5 6.Nxd4 cxd4 7.Nxb5 a6 8.b4 Qb6
9.Na3 Qb7 10.f3 Qxb4 11.Bb3 e6 12.Rb1 Qa5 13.Nc4 Qc7 14.O-O Bc5 15.d3 Nf6
16.Bg5 h6 17.Bd2 O-O 18.Ba5 Qc6 19.Ne5 Qd6 20.Nc4 Qc6 21.c3 Rb8 22.Qc2 d5
23.Ba4 Qa8 24.Ne5 dxc3+ 25.Kh1 d4 26.Rb3 Rxb3 27.Qxb3 Qb7 28.Qc4 Bd6 29.Qxd4 Bxe5
30.Qxe5 Bd7 31.Bb3 c2 32.Bxc2 Rc8 33.Bb3 Bb5 34.Qd4 Nd7 35.h3 e5 36.Qd6 Nc5
37.Bd5 Qb8 38.Qe7 Be8 39.Bc4 Qb2 40.Bd8  1-0

[Event "Summer-3"]
[Site "Alushta UKR"]
[Date "2006.06.19"]
[Round "4"]
[White "Belikov,V"]
[Black "Moroz,A"]
[Result "1-0"]
[WhiteElo "2552"]
[BlackElo "2505"]

1.e4 c5 2.Nf3 Nc6 3.Nc3 e5 4.Bc4 Be7 5.d3 Nf6 6.Ng5 O-O 7.f4 exf4 8.Bxf4 d5
9.exd5 Nb4 10.O-O Bg4 11.Qd2 Nbxd5 12.Rae1 Nxf4 13.Nxf7 Rxf7 14.Qxf4 Bh5
15.g4 Bd6 16.Qf3 Kh8 17.gxh5 Re7 18.h6 Be5 19.Kh1 Bd4 20.Ne2 Bxb2 21.Nf4 gxh6
22.Rb1 Be5 23.Rxb7 Rb8 24.Ne6 Qd6 25.Rxb8+ Qxb8 26.Nxc5 h5 27.Ne6 Ng8 28.d4 Bf6
29.Rg1 Bh4 30.Nd8 Qxd8 31.Rxg8+ Qxg8 32.Bxg8 Kxg8 33.d5 Bg5 34.d6 Re1+ 35.Kg2 h6
36.d7  1-0

[Event "Open A"]
[Site "Voronezh RUS"]
[Date "2006.06.19"]
[Round "7"]
[White "Kabanov,N"]
[Black "Kryakvin,D"]
[Result "1-0"]
[WhiteElo "2504"]
[BlackElo "2472"]

1.e4 c5 2.Nc3 Nc6 3.Bb5 Na5 4.a4 a6 5.Be2 d6 6.f4 g6 7.Nf3 Bg7 8.O-O Nf6
9.d3 O-O 10.Qe1 Nc6 11.Qh4 Nd4 12.Bd1 Bg4 13.Nxd4 cxd4 14.Ne2 Rc8 15.Qf2 Bxe2
16.Qxe2 Nd7 17.g4 e6 18.g5 f6 19.h4 fxg5 20.hxg5 Rf7 21.Qg2 Nf8 22.Qh3 Qa5
23.Qh2 d5 24.e5 Nd7 25.Bg4 Rc6 26.b3 Nf8 27.Bb2 Qc7 28.Rf2 Qb6 29.a5 Qb4
30.Re2 Nd7 31.Ra4 Qf8 32.Ba3 Qd8 33.Qh3 Rxf4 34.Bxe6+ Rxe6 35.Qxe6+ Kh8 36.Be7 Qe8
37.Qd6 Rg4+ 38.Kh2 Qc8 39.Qe6 h5 40.gxh6 Bxe5+ 41.Rxe5  1-0

[Event "Open A"]
[Site "Voronezh RUS"]
[Date "2006.06.19"]
[Round "7"]
[White "Okrugin,S"]
[Black "Lutsko,I"]
[Result "1/2-1/2"]
[WhiteElo "2355"]
[BlackElo "2471"]

1.e4 c5 2.Nc3 Nc6 3.Bb5 Nd4 4.Bc4 e6 5.Nf3 Nf6 6.O-O a6 7.Nxd4 cxd4 8.Ne2 Nxe4
9.d3 Nc5 10.Nxd4 b5 11.Bb3 Qh4 12.Nf3 Qh5 13.Bf4 Bb7 14.Ne5 Qf5 15.Qg4 Qxg4
16.Nxg4 Rc8 17.Ne3 f6 18.d4 Nxb3 19.axb3 g5 20.Bg3 h5 21.h4 Rg8 22.hxg5 fxg5
23.c3 g4 24.d5 Be7 25.dxe6 dxe6 26.Rfe1 Kf7 27.Re2 h4 28.Bf4 Bc5 29.Nf1 h3
30.Ne3 Rcd8 31.gxh3 Bf3 32.Rc2 gxh3+ 33.Kh2 Bb7 34.Rg1 Rxg1 35.Kxg1 Kf6 36.Kh2 e5
37.Bg3 Bf3 38.b4 Be7 39.c4 Ke6 40.cxb5 axb5 41.Rc7 Ra8 42.Bxe5 Bxb4 43.Bf4 Ra2
44.Nc2 Rxb2 45.Nd4+ Kd5 46.Nxb5 Ba5 47.Nc3+ Ke6 48.Rc5 Bb4 49.Re5+ Kf7 50.Kxh3 Rxf2
51.Ne4 Bg2+ 52.Kg3 Ra2 53.Ng5+ Kf6 54.Re6+ Kf5 55.Re5+ Kg6 56.Re6+ Kg7 57.Be5+ Kg8
58.Bd6  1/2-1/2

[Event "Open A"]
[Site "Voronezh RUS"]
[Date "2006.06.20"]
[Round "8"]
[White "Paveliev,A"]
[Black "Bocharov,D"]
[Result "0-1"]
[WhiteElo "2368"]
[BlackElo "2559"]

1.e4 c5 2.Nf3 Nc6 3.Nc3 g6 4.d4 cxd4 5.Nxd4 Bg7 6.Nb3 Nf6 7.Be2 O-O 8.O-O a6
9.Bg5 b5 10.a3 d6 11.f4 Bb7 12.Bf3 Nd7 13.Kh1 Nb6 14.Qe1 Nc4 15.a4 Nxb2 16.axb5 axb5
17.Rb1 Nc4 18.e5 Rb8 19.Nxb5 dxe5 20.Qe2 Nd6 21.Nc5 Nxb5 22.Qxb5 Ba8 23.Qa4 Rxb1
24.Rxb1 Qc8 25.Nd3 h6 26.Bh4 exf4 27.Bf2 e5 28.Bc5 Rd8 29.Bb6 Re8 30.Re1 g5
31.h3 f5 32.Bd5+ Kh7 33.Qb5 e4 34.Nb2 Ne5 35.c4 f3 36.Ra1 Bxd5 37.Qxd5 Ng6
38.Be3 f4 39.Bd4 fxg2+ 40.Kg1 Qxh3  0-1

[Event "Open A"]
[Site "Voronezh RUS"]
[Date "2006.06.20"]
[Round "8"]
[White "Eraschenkov,D"]
[Black "Guseva,O"]
[Result "1-0"]
[WhiteElo "2385"]
[BlackElo "2247"]

1.Nc3 c5 2.e4 Nc6 3.Nf3 e5 4.Bc4 d6 5.d3 Be7 6.O-O Nf6 7.Nh4 O-O 8.f4 Bg4
9.Qd2 Nh5 10.Nf5 Nxf4 11.Qf2 Bxf5 12.exf5 Bh4 13.Qf3 Nd4 14.Qxb7 Nxc2 15.Rb1 d5
16.Nxd5 Rb8 17.Qc6 Ne2+ 18.Kh1 Na3 19.Ra1 Nxc4 20.dxc4 Nxc1 21.Raxc1 Rxb2
22.f6 Bxf6 23.Rcd1 Qb8 24.Rxf6 gxf6 25.Ne7+ Kg7 26.Nf5+ Kg6 27.Qf3 h5 28.Rf1 Rg8
29.Ne7+ Kh7 30.Qxh5+ Kg7 31.Nf5+ Kf8 32.Qh6+ Ke8 33.Qxf6 Qc7 34.Nd6+ Kd7
35.Rd1 Qb8 36.Nf5+ Kc8 37.Ne7+  1-0

[Event "Summer-3"]
[Site "Alushta UKR"]
[Date "2006.06.21"]
[Round "6"]
[White "Belikov,V"]
[Black "Akshayraj,K"]
[Result "1/2-1/2"]
[WhiteElo "2552"]
[BlackElo "2380"]

1.e4 c5 2.Nf3 Nc6 3.Nc3 d6 4.d4 cxd4 5.Nxd4 Nf6 6.Bg5 e6 7.Qd2 a6 8.O-O-O Bd7
9.f4 b5 10.Bxf6 gxf6 11.f5 Nxd4 12.Qxd4 Bh6+ 13.Kb1 Bf4 14.fxe6 fxe6 15.Ne2 Be5
16.Qe3 Qc7 17.Nc1 Rc8 18.Qe2 b4 19.g3 Ke7 20.Bh3 Bb5 21.Qf2 Qc5 22.Qd2 a5
23.Nb3 Qb6 24.Nd4 Qxd4 25.Qxd4 Bxd4 26.Rxd4  1/2-1/2